50 plus grandes villes françaises sans métro ni tramway - Statistiques

Statistiques générales
  • Ce quiz a été pris 462 fois
  • Le résultat moyen est 15 sur 50
Statistiques - réponses
Classement (population) Réponse % Correct
13 Toulon
70%
33 Metz
58%
29 (projet adopté) Annecy
57%
51 Dunkerque
52%
28 (mais trolleybus) Limoges
52%
27 Amiens
50%
75 Colmar
50%
24 Aix-en-Provence
49%
21 Nîmes
49%
31 Perpignan
49%
65 La Rochelle
47%
64 Pau
46%
100 Lorient
45%
49 Poitiers
45%
97 (projet) Chambéry
43%
68 Calais
42%
82 Valence
42%
87 Quimper
41%
20 Saint-Denis (La Réunion)
40%
67 Cannes
39%
62 Béziers
37%
55 (future ligne 18) Versailles
37%
92 Troyes
31%
83 Bourges
30%
96 Niort
29%
74 Saint-Nazaire
29%
69 Antibes
25%
93 Montauban
25%
72 Ajaccio
23%
102 Beauvais
22%
37 (prévu, projet retardé) Argenteuil
21%
60 Fort-de-France (Martinique)
21%
85 Cayenne (Guyane)
20%
42 Saint-Paul (La Réunion)
20%
56 Saint-Pierre (La Réunion)
18%
78 (ouvre en 2023) Evry-Courcouronnes
17%
45 (future ligne 15) Nanterre
16%
58 Le Tampon (La Réunion)
14%
80 Cergy
13%
88 La Seyne-sur-Mer
13%
71 Mamoudzou (Mayotte)
13%
77 (future ligne 15) Noisy-le-Grand
9%
53 (prévu, projet retardé) Colombes
8%
70 (future ligne 15) Drancy
8%
61 (future ligne 15) Rueil-Malmaison
8%
89 (en construction) Antony
7%
101 Saint-André (La Réunion)
7%
63 (future ligne 15) Champigny-sur-Marne
5%
99 (lignes 16 et 17) Le Blanc-Mesnil
4%
66 (future ligne 15) Saint-Maur-des-Fossés
4%
Aucun quiz correspondant
Distribution des résultats
% des personnes avec chaque résultat
Percentile par nombre de réponses
Votre historique - résultats
Vous n’avez pas pris ce quiz